[Event "CFriend AP-2005-Q-00001 email"]
[Site "Chessfriend.com"]
[Date "2005.02.04"]
[Round "1"]
[White "Komarov, Anton"]
[Black "Marton Bardocz, Sandor"]
[Result "0-1"]
[WhiteElo "1725"]
[BlackElo "2308"]
[PlyCount "48"]
[EventDate "2005.??.??"]
[EventType "tourn (corr)"]
[EventRounds "12"]
[SourceTitle "Corr 2024"]
[Source "ChessBase"]
[SourceDate "2023.10.19"]
[SourceVersion "1"]
[SourceVersionDate "2023.10.19"]
[SourceQuality "1"]

1. e4 c5 2. Nf3 d6 3. d4 cxd4 4. Nxd4 Nf6 5. Nc3 a6 6. Bg5 e6 7. f4 Qb6 8. Nb3 Be7 9. Qf3 Nbd7 10. 0-0-0 Qc7 11. Bd3 h6 12. Bh4 g5 13. fxg5 Ne5 14. Qf2 Nfg4 15. Qd2 Ng6 16. g3 hxg5 17. Bxg5 Bxg5 18. Qxg5 Nf2 19. h4 Qe7 20. Qxe7+ Kxe7 21. h5 Ne5 22. Rdf1 Nxh1 23. Rxh1 Bd7 24. Be2 Rag8 0-1

[Event "CFriend AP-2005-Q-00001 email"]
[Site "Chessfriend.com"]
[Date "2005.02.04"]
[Round "1"]
[White "Schalkwijk, Peter"]
[Black "Komarov, Anton"]
[Result "1-0"]
[WhiteElo "1408"]
[BlackElo "1725"]
[PlyCount "39"]
[EventDate "2005.??.??"]
[EventType "tourn (corr)"]
[EventRounds "12"]
[SourceTitle "Corr 2024"]
[Source "ChessBase"]
[SourceDate "2023.10.19"]
[SourceVersion "1"]
[SourceVersionDate "2023.10.19"]
[SourceQuality "1"]

1. d4 Nf6 2. Nf3 d5 3. e3 e6 4. Bd3 c5 5. c3 Nc6 6. Nbd2 c4 7. Bc2 b5 8. 0-0 Qc7 9. e4 Be7 10. e5 Nd7 11. Re1 a5 12. b3 Nb6 13. Nf1 b4 14. Bd2 Ba6 15. Ne3 bxc3 16. Bxc3 Nb4 17. Bb1 Bb5 18. Qd2 Rc8 19. Rc1 a4 20. Bxb4 1-0